00521nam a2200181Ia 4500001001000000003000500010008004100015010001100056040000900067082001600076100002300092245012600115260003000241300001100271650002400282650002200306650001100328Para_1585CHAP220125s1977 xx 000 0 und d a204464 cCHAP aPA 589.2 G8 aGuzmán, Gastón aIdentificación de los hongos comestibles, venenosos, alucinantes y destructores de la madera /c por Gastón Guzmán aMéxico, D.F. :b Limusa a452 p. aHongos alucinogenos aHongos venenosos  aSetas